MARC details
| 000 -LEADER |
| campo de control de longitud fija |
02170nmm a2200577 a 4500 |
| 003 - IDENTIFICADOR DE NÚMERO DE CONTROL |
| campo de control |
AR-BaBNM |
| 005 - FECHA Y HORA DE LA ÚLTIMA TRANSACCIÓN |
| campo de control |
20251128203233.0 |
| 008 - DATOS DE LONGITUD FIJA--INFORMACIÓN GENERAL |
| campo de control de longitud fija |
206119s1979 ||||||||||||||000 | spa|| |
| 040 ## - FUENTE DE CATALOGACIÓN |
| Centro/agencia transcriptor |
AR-BaBNM |
| 245 10 - MENCIÓN DEL TÍTULO |
| Título |
Pasado y presente de la literatura argentina. 2 |
| Resto del título |
la novela, el cuento, el relato : 1830-1846 |
| 260 ## - PUBLICACIÓN, DISTRIBUCIÓN, ETC. |
| Lugar de publicación, distribución, etc. |
Buenos Aires |
| Nombre del editor, distribuidor, etc. |
Vernácula |
| Fecha de publicación, distribución, etc. |
1979 |
| 300 0# - DESCRIPCIÓN FÍSICA |
| Extensión |
396 p. |
| Otros detalles físicos |
il. |
| 500 0# - NOTA GENERAL |
| Nota general |
Contiene nota bio-bibliográfica en cada capítulo |
| 505 ## - NOTA DE CONTENIDO CON FORMATO |
| Título |
El teatro de Colón |
| Mención de responsabilidad |
Quesada, Vicente G. |
| 505 ## - NOTA DE CONTENIDO CON FORMATO |
| Título |
Escenas de los tiempos pasados |
| Mención de responsabilidad |
Quesada, Vicente G. |
| 505 ## - NOTA DE CONTENIDO CON FORMATO |
| Título |
Quién soy yo? |
| Mención de responsabilidad |
Quesada, Vicente G. |
| 505 ## - NOTA DE CONTENIDO CON FORMATO |
| Título |
La tertulia de don Canuto |
| Mención de responsabilidad |
Quesada, Vicente G. |
| 505 ## - NOTA DE CONTENIDO CON FORMATO |
| Título |
El cabo Gómez |
| Mención de responsabilidad |
Mansilla, Lucio V. |
| 505 ## - NOTA DE CONTENIDO CON FORMATO |
| Título |
El cuento del arriero |
| Mención de responsabilidad |
Mansilla, Lucio V. |
| 505 ## - NOTA DE CONTENIDO CON FORMATO |
| Título |
El cuento de Santiago Arcos |
| Mención de responsabilidad |
Mansilla, Lucio V. |
| 505 ## - NOTA DE CONTENIDO CON FORMATO |
| Título |
Los siete platos de arroz con leche |
| 505 ## - NOTA DE CONTENIDO CON FORMATO |
| Título |
Cuentos |
| 505 ## - NOTA DE CONTENIDO CON FORMATO |
| Título |
El ramito de Romero |
| Mención de responsabilidad |
Mansilla de García, Eduarda |
| 505 ## - NOTA DE CONTENIDO CON FORMATO |
| Título |
Beppa |
| Mención de responsabilidad |
Mansilla de García, Eduarda |
| 505 ## - NOTA DE CONTENIDO CON FORMATO |
| Título |
El primero y el último beso |
| Mención de responsabilidad |
Estrada, Santiago |
| 505 ## - NOTA DE CONTENIDO CON FORMATO |
| Título |
Liberato |
| Mención de responsabilidad |
Estrada, Santiago |
| 505 ## - NOTA DE CONTENIDO CON FORMATO |
| Título |
El convite de Barrientos |
| Mención de responsabilidad |
Estrada, Santiago |
| 505 ## - NOTA DE CONTENIDO CON FORMATO |
| Título |
Don Pepe el de la cazuela |
| 505 ## - NOTA DE CONTENIDO CON FORMATO |
| Título |
Sin rumbo |
| Mención de responsabilidad |
Cambaceres, Eugenio |
| 505 ## - NOTA DE CONTENIDO CON FORMATO |
| Título |
La lluvia |
| Mención de responsabilidad |
Wilde, Eduardo |
| 505 ## - NOTA DE CONTENIDO CON FORMATO |
| Título |
Tini |
| Mención de responsabilidad |
Wilde, Eduardo |
| 505 ## - NOTA DE CONTENIDO CON FORMATO |
| Título |
Antes, mientras y después |
| Mención de responsabilidad |
Wilde, Eduardo |
| 505 ## - NOTA DE CONTENIDO CON FORMATO |
| Título |
Chaica y Cikaia |
| Mención de responsabilidad |
Wilde, Eduardo |
| 505 ## - NOTA DE CONTENIDO CON FORMATO |
| Título |
Medicina operatoria |
| Mención de responsabilidad |
Wilde, Eduardo |
| 505 ## - NOTA DE CONTENIDO CON FORMATO |
| Título |
El poder de la imaginación |
| Mención de responsabilidad |
Wilde, Eduardo |
| 505 ## - NOTA DE CONTENIDO CON FORMATO |
| Título |
La carta de recomendación |
| Mención de responsabilidad |
Wilde, Eduardo |
| 505 ## - NOTA DE CONTENIDO CON FORMATO |
| Título |
Autotipia |
| Mención de responsabilidad |
Mitre y Vedia, Bartolomé |
| 505 ## - NOTA DE CONTENIDO CON FORMATO |
| Título |
Boccaccio |
| Mención de responsabilidad |
Mitre y Vedia, Bartolomé |
| 650 #4 - PUNTO DE ACCESO ADICIONAL DE MATERIA--TÉRMINO DE MATERIA |
| Término de materia o nombre geográfico como elemento de entrada |
LITERATURA ARGENTINA |
| 650 #4 - PUNTO DE ACCESO ADICIONAL DE MATERIA--TÉRMINO DE MATERIA |
| Término de materia o nombre geográfico como elemento de entrada |
CUENTO [FORMA Y GENERO LITERARIO] |
| 650 #4 - PUNTO DE ACCESO ADICIONAL DE MATERIA--TÉRMINO DE MATERIA |
| Término de materia o nombre geográfico como elemento de entrada |
SIGLO DIECINUEVE |
| 650 #4 - PUNTO DE ACCESO ADICIONAL DE MATERIA--TÉRMINO DE MATERIA |
| Término de materia o nombre geográfico como elemento de entrada |
NOVELAS |
| 650 #4 - PUNTO DE ACCESO ADICIONAL DE MATERIA--TÉRMINO DE MATERIA |
| Término de materia o nombre geográfico como elemento de entrada |
ESCRITORES |
| 650 #4 - PUNTO DE ACCESO ADICIONAL DE MATERIA--TÉRMINO DE MATERIA |
| Término de materia o nombre geográfico como elemento de entrada |
ANALISIS LITERARIO |
| 650 #4 - PUNTO DE ACCESO ADICIONAL DE MATERIA--TÉRMINO DE MATERIA |
| Término de materia o nombre geográfico como elemento de entrada |
GENERACION DE 1880 |
| 655 ## - TERMINO DE INDIZACIÓN--GENERO/FORMA |
| Datos o término principal de género/forma |
LITERATURA |
| 700 1# - ENTRADA AGREGADA--NOMBRE PERSONAL |
| Nombre de persona |
Battistessa, Angel J. |
| Término indicativo de función/relación |
director |
| 700 1# - ENTRADA AGREGADA--NOMBRE PERSONAL |
| Nombre de persona |
Imbert, Julio |
| Término indicativo de función/relación |
reseñas y notas |
| 942 ## - ELEMENTOS DE ENTRADA SECUNDARIOS (KOHA) |
| Tipo de ítem Koha |
Libros |
| 998 ## - INFORMACIÓN DE CONTROL LOCAL (RLIN) |
| Iniciales del catalogador, CIN (RLIN) |
isola |